000 00374nam a2200169Ia 4500
001 10058
003 GE_BSU
008 181216s||||||||xx |||||||||||||| ||und||
040 _cGE_BSU
245 _aLe Point №2173. 8mai 2014.
245 _cEditorial Franz-Oliver Giesbert
260 _aParis
260 _c2014
300 _a98p.27cm.
653 _aLe Point
942 _cCR
999 _c43330
_d43330